02106 2200349 4500001002100000005001500021035002000036007000300056008004100059020001800100082001000118084001600128245006500144250001900209300004300228502116900271600002001440264004401460336002101504337003001525338002301555100003401578990001601612990001601628990001601644990001601660990001601676990001601692990001601708990001601724990001601740INLIS00000000000016020260428024217 a0010-0426000159ta260428 g u ind  a9786230048852 a006.6 a006.6 JUB d1 aDesain Grafis Profesional dengan Canva /cJubille enterprise aCetakan keenam a264 halaman :bIlustrasi ;c21 x 14 cm aBuku Canva untuk Desain Grafis Profesional ini mengupas lebih dalam fitur-fitur unggulan pada Canva. Diharapkan, Anda bisa membuat desain, animasi, dan video secara cepat dengan hasil yang memuaskan. Tidak memandang apakah Anda anak sekolah, mahasiswa, pemilik perusahaan, marketer, dan entrepreneur, buku ini dirancang untuk Anda. Fitur-fitur unggulan yang akan dikupas di dalam buku ini antara lain: • Fitur Kecerdasan Buatan: Magic Write, Text to Image, Magic Eraser, Magic Edit, Magic Design, Beat Sync, Translate, dan lain sebagainya. • Fitur Audio Video: Show Timing, Fade In/Fade Out, Background Eraser, dan lain-lain. • Canva Doc: Summarize Text, Expand Text, Rewrite, Edit with Magic Text, dan Add Magic. • Whiteboards: Quick Flow, Shape, Line Start, Line End, Straight, dan Elbow. • Chart dan Table: membuat beraneka chart dan mengimpor data dari Google Sheet. Serta mengupas fitur Table pada Canva. • Presentasi: membuat aneka presentasi dan mengontrol bagaimana animasi akan dimainkan. Ayo baca buku ini! Dijamin dalam waktu singkat Anda bisa membuat banyak sekali kreasi desain untuk konten, proposal, dokumen, video, dan masih banyak lagi 4aKomputer grafis aJakarta :bElex media komputindo,c2025 2rdacontentaTeks 2rdamediaaTanpa Perantara 2rdacarrieraVolume0 aJubille enterpriseePengarang aTT001312/25 aPC000249/25 aAT000281/25 aSP000481/25 aPT000614/25 aWB000780/25 aPP000898/25 aNM003247/25 aAP003709/25